000 00609nam a22002057a 4500
003 OSt
005 20140310184528.0
008 131024t xxu||||| |||| 00| 0 eng d
020 _a043979420X
050 _aLB 1528
_b.C967 2006
100 _aCulham, Ruth.
_92192
245 _aThe traits of writing a big classroom reference guide /
_cRuth Culham.
260 _aNew York :
_bScholastic Inc.,
_c2006.
300 _a27 p. :
_bcol. ill. ;
_c57 cm.
521 _aG3
526 _c540
650 _aEducation
_xTraits
_xWriting
_xClassroom reference guide.
_930448
942 _2lcc
_cBK-SCHOLAS
999 _c35174
_d35174